The Women's Movement : Political, Socioeconomic and Psychological Issues /

שמור ב:
מידע ביבליוגרפי
מחבר ראשי: Deckard, Barbara Sinclair (autor)
פורמט: ספר
שפה:אנגלית
יצא לאור: Nueva York, EUA : Harper and Row, 1983, c1983
נושאים:
תגים: הוספת תג
אין תגיות, היה/י הראשונ/ה לתייג את הרשומה!

MARC

LEADER 00000nam^a2200000^a^4500
001 000190934
005 20250521000000.0
009 20260310102510.04
020 |a 0-06-041615-7 
037 |a Acervo ITESO - Biblioteca 
041 |a ING 
082 |a 305. 4209  |b DEC 
100 |a Deckard, Barbara Sinclair  |e (autor) 
245 1 4 |a The Women's Movement :  |b Political, Socioeconomic and Psychological Issues /  |c B.S. Deckard. 
264 4 |a Nueva York, EUA :  |b Harper and Row,  |c 1983, c1983 
300 |a XII, 500 p. 
336 |a texto  |b txt  |2 rdacontenido 
337 |a sin mediación  |b n  |2 rdamedio 
338 |a volumen  |b nc  |2 rdasoporte 
649 |a XX 
650 |a Mujeres -  |z EUA -  |x Condiciones Jurídicas 
650 |a Mujeres -  |z EUA -  |x Condiciones Laborales 
650 |a Mujeres -  |z EUA -  |x Condiciones Económicas 
650 |a Mujeres -  |z EUA -  |x Condiciones Psicológicas 
650 |a Mujeres -  |z EUA -  |x Condiciones Sociales y Culturales 
650 |a Mujeres -  |x Condiciones Sociales y Culturales -  |x Tema Principal 
650 |a Mujeres -  |x Historia -  |x Tema Principal 
650 |a Mujeres -  |x Condiciones Psicológicas 
650 |a Feminismo -  |z EUA -  |x Historia 
650 |a Feminismo -  |x Historia -  |x Tema Principal 
650 |a Movimientos Sociales -  |z EUA -  |x Historia 
650 |a Movimientos Sociales -  |x Historia 
650 |a Estereotipo 
650 |a Sexualidad 
650 |a Ideología 
650 |a Política 
650 |a Psicología 
650 |a Sociología del Derecho 
650 |a Sociología Laboral 
650 |a Economía Laboral 
650 |a Sociología de la Economía 
650 |a Sociología de la Cultura 
910 |a Fondo General 
920 |a Impresos - Libros 
930 |a Colección General 
905 |a 101 
901 |a 0500134215  |b IT1  |c ACC  |u 20250521 
902 |a https://opac.biblio.iteso.mx/vufind/Record/000190934